Maiores Artilheiros da História do Botafogo - Statistics

Estatísticas Gerais
  • Esse quiz foi jogado 126 vezes
  • A pontuação média é 5 de 15
Estatísticas das Respostas
Gols Nome do Jogador % Correto
245 Garrincha
90%
167 Túlio Maravilha
89%
189 Jairzinho
73%
313 Quarentinha
71%
209 Heleno de Freitas
48%
136 Amarildo
27%
118 Mendonça
19%
154 Roberto Miranda
17%
261 Carvalho Leite
16%
190 Nilo
12%
135 Paulinho Valentim
10%
115 Geninho
8%
171 Octávio Moraes
7%
127 Nilson Dias
6%
144 Dino da Costa
5%
Nenhum quiz correspondente encontrado
Distribuição das Pontuações
Porcentagem de Pessoas com Cada Pontuação
Percentil de Números Respondidos
Sua Pontuação Histórica
Você não jogou esse quiz